| 000 | 00724nam a2200253Ia 4500 | ||
|---|---|---|---|
| 003 | OSt | ||
| 005 | 20220928112715.0 | ||
| 006 | a|||||r|||| 00| 0 | ||
| 007 | ta | ||
| 008 | 220927b |||||||| |||| 00| 0 eng d | ||
| 020 | _cIndian Rupees 800 | ||
| 024 | _a136038 | ||
| 037 |
_bGift, 14/09/2017, _cOthers |
||
| 040 |
_aSDCL _cSDCL _beng |
||
| 041 |
_2eng _aeng |
||
| 082 | _aV2'C, P6 | ||
| 100 |
_aJain Sneh Rani _9422176 |
||
| 245 | 0 | _aGuide book to decipher the indus script | |
| 260 |
_aNew Delhi _bBharatvarshiya Digamber Jain Mahasabha _c2006 |
||
| 300 |
_av,273p. _ccm. |
||
| 650 |
_aGift _9391569 |
||
| 942 |
_hV2'C, P6 _cREF _2CC |
||
| 999 |
_c745881 _d745881 |
||